000
00216 a2200097 4500
001
47647
100
_a
Howard C
245
_a
Badges on battledress
260
_a
London
_b
Gale & polden ltd
_c
090
_c
30658
_d
30658
942
_a
NUST-CAE
_c
M
_c
22956
999
_c
282720
_d
282720